000 00846nai a2200217Ia 4500
003 IN-BaIIA
008 211028c9999 xx s 000 0 eng d
022 _a2168-071X (Print)
022 _a2168-0728 (Online)
040 _cIIA Library
245 0 _aTransactions of the IRE Professional Group on Medical Electronics
_h[eJournal]
260 _aNew York, USA
_bThe Institute of Electrical and Electronics Engineers, Inc. (IEEE)
310 _aAnnually
362 _aPGME-1;1953 - PGME-1;1953
521 _bSubscribed through National Knowledge Resource Consortium (NKRC)
650 _a Communication, Networking and Broadcast Technologies
650 _a Signal Processing and Analysis
_948813
650 _aBioengineering
856 _uhttps://ieeexplore.ieee.org/servlet/opac?punumber=5008468
_yClick Here to Access eJournal
942 _cEJ
999 _c35830
_d35830